00237nam a2200085Ia 4500008004100000082002400041245003000065260004500095300001100140230907s9999||||xx |||||||||||||| ||und|| a355.0217095491bHAS 0aPakistan's nuclear bomb : aPenguin Rondom House,bNew Delhi :c2018 a341 p.